000 00454nab a2200145Ia 4500
003 ES-SlBCS
005 20210601125243.0
008 140529s1981 xxu||||| |||| 00| 0 eng d
041 _aeng
100 1 _aHorne, Winston A. Van
_9156014
245 0 0 _aProlegomenos to a Theory of Deception
_c Winston A. van Horne
650 0 4 _aDecepción
_9132781
773 0 _tPhilosophy and Phenomenological Research
_gvol. 42, 1981, págs. 171-182
_wRev1411
942 _cAR
999 _c527310
_d527310